000
00335nam a22001457a 4500
005
20260211151556.0
008
260211b |||||||| |||| 00| 0 eng d
020
_a
978-0-241-95822-3
100
_a
S. Sinek
245
_a
Start with Why
260
_a
India
_b
Penguin
_c
2009
300
_a
246
650
_a
Management
942
_2
ddc
_c
BK
999
_c
21912
_d
21912